Gandhi, truth, and nonviolence: The politics of engagement in post-Truth times (Record no. 394897)

MARC details
000 -LEADER
fixed length control field 00562 a2200193 4500
005 - DATE & TIME
control field 20260313111101.0
008 - FIXED-LENGTH DATA ELEMENTS--GENERAL INFORMATION
fixed length control field 260312b |||||||| |||| 00| 0 eng d
020 ## - ISBN
International Standard Book Number 9780198936626
Price Rs .1100.00
040 ## - CATALOGING SOURCE
Original cataloging agency VIVEKANANDA LIBRARY
082 ## - DDC NUMBER
Classification number 954.035092
Book Number L15G
100 ## - MAIN ENTRY--PERSONAL NAME
Personal name Lal, Vinay, ed.
245 ## - TITLE STATEMENT
Title Gandhi, truth, and nonviolence: The politics of engagement in post-Truth times
260 ## - PUBLICATION, DISTRIBUTION, ETC. (IMPRINT)
Name of publisher, distributor, etc Oxford University Press
Date of publication, distribution, etc 2025
Place of publication, distribution, etc Oxon
300 ## - PHYSICAL DESCRIPTION
Pages xii, 346
650 ## - Subject
Subject History
650 ## - Subject
Subject Nonviolence -Pacifism
650 ## - Subject
Subject Gandhian Philosophy
942 ## - ADDED ENTRY ELEMENTS (KOHA)
Koha item type Books
Holdings
Withdrawn status Lost status Source of classification or shelving scheme Damaged status Not for loan Location (home branch) Sublocation or collection (holding branch) Shelving location Date acquired Koha issues (times borrowed) Koha full call number Accession No. Koha date last seen Koha item type
    Dewey Decimal Classification     VIVEKANANDA LIBRARY VIVEKANANDA LIBRARY Vivekananda Library 17/02/2026   954.035092 L15G 438290 17/02/2026 Books
© Designed and Maintained by Vivekananda Library, MDU Rohtak